000 01103cam a22003134a 4500
001 14203944
005 20250122094351.0
008 051214m20079999njua 001 0 eng
020 _a0132209047 (v. 1)
020 _a013199042X (v. 2)
020 _a013174206X (v. 3)
050 0 0 _aR728.8
_b.B42 2007
082 0 0 _a610.73/7
_222
100 1 _aBeaman, Nina.
245 1 0 _aPearson's administrative medical assisting /
_cNina Beaman, Lorraine Fleming-McPhillips.
_bvolume 1
260 _aUpper Saddle River, N.J. :
_bPearson/Prentice Hall,
_cc2007-
300 _avarious paging
_bill. (chiefly col.) ;
_c28 cm +
_e1 CD-ROM (4 3/4 in.).
500 _aIncludes index.
650 0 _aMedical assistants.
650 0 _aMedical secretaries.
650 0 _aMedical offices
_xManagement.
650 1 2 _aPhysician Assistants.
650 2 2 _aMedical Secretaries.
650 2 2 _aPractice Management, Medical.
700 1 _aFleming-McPhillips, Lorraine.
710 2 _aPearson/Prentice Hall.
856 4 1 _3Table of contents only
_uhttp://www.loc.gov/catdir/toc/ecip065/2005036391.html
942 _2lcc
_cBK
_n0
999 _c2761
_d2761